Liderazgo: estilos y técnicas cuáles son y cómo aplicarlos para alcanzar el éxito

Kaydedildi:
Detaylı Bibliyografya
Yazar: Sayles, Leonard R (Yazar)
Materyal Türü: Kitap
Dil:İspanyolca
Baskı/Yayın Bilgisi: Ciudad de México McGraw-Hill 1982
Edisyon:1a. ed
Konular:
Etiketler: Etiketle
Etiket eklenmemiş, İlk siz ekleyin!

MARC

LEADER 00000cam a2200000 a 4500
001 UCD6955
003 CL-VaPUC
008 170303e19820000mx |||||||||||||||||spa|d
020 |a 9684513380 
082 0 4 |a 658.409  |b SAY  |2 21 
100 0 |a Sayles, Leonard R  |e author  |9 590856 
245 1 0 |a Liderazgo: estilos y técnicas cuáles son y cómo aplicarlos para alcanzar el éxito 
250 |a 1a. ed 
300 |a 250 p 
942 |c BK 
945 |d 20170303 17:35:00  |a arojas 
260 |a Ciudad de México  |b McGraw-Hill  |c 1982 
650 0 |a Liderazgo  |9 271835 
650 0 |a Coaching   |9 541384 
650 7 |a EXITO  |2 CL-VaPUC  |9 310745 
583 |a last modification  |c 20170303 17:35:00  |k Rodrigo Vera 
999 |c 367127  |d 367125 
952 |0 0  |1 0  |3 erb  |4 0  |6 658_409000000000000_SAY_1982  |7 0  |8 A  |9 481819  |a BIBENE  |b BIBENE  |i 5327768  |o 658.409 SAY 1982  |p 5327768  |r 2025-01-15  |w 2019-11-24  |y BK  |z Catalogado en:20170303  |k ICO